<?xml version="1.0" encoding="UTF-8"?><?xml-stylesheet type="text/xsl" href="static/style.xsl"?><OAI-PMH xmlns="http://www.openarchives.org/OAI/2.0/" xmlns:xsi="http://www.w3.org/2001/XMLSchema-instance" xsi:schemaLocation="http://www.openarchives.org/OAI/2.0/ http://www.openarchives.org/OAI/2.0/OAI-PMH.xsd"><responseDate>2026-04-17T13:08:04Z</responseDate><request verb="GetRecord" identifier="oai:www.recercat.cat:2117/442165" metadataPrefix="marc">https://recercat.cat/oai/request</request><GetRecord><record><header><identifier>oai:recercat.cat:2117/442165</identifier><datestamp>2025-09-20T13:36:41Z</datestamp><setSpec>com_2072_1033</setSpec><setSpec>col_2072_452951</setSpec></header><metadata><record xmlns="http://www.loc.gov/MARC21/slim" xmlns:dcterms="http://purl.org/dc/terms/" xmlns:xsi="http://www.w3.org/2001/XMLSchema-instance" xmlns:doc="http://www.lyncode.com/xoai" xsi:schemaLocation="http://www.loc.gov/MARC21/slim http://www.loc.gov/standards/marcxml/schema/MARC21slim.xsd">
   <leader>00925njm 22002777a 4500</leader>
   <datafield ind2=" " ind1=" " tag="042">
      <subfield code="a">dc</subfield>
   </datafield>
   <datafield ind2=" " ind1=" " tag="720">
      <subfield code="a">Pané Navarro, Marc</subfield>
      <subfield code="e">author</subfield>
   </datafield>
   <datafield ind2=" " ind1=" " tag="260">
      <subfield code="c">2025</subfield>
   </datafield>
   <datafield ind2=" " ind1=" " tag="520">
      <subfield code="a">In the pursuit of more sustainable urban energy systems, recovering industrial waste heat presents a promising opportunity to enhance energy efficiency and reduce emissions. This thesis explores the technical and economic feasibility of capturing excess heat from an industrial process and repurposing it to supply a new low-temperature district heating network planned for a new residential district. By identifying suitable heat recovery points in the industrial process and estimating the available thermal energy under normal operating conditions, it is possible to approximate the power that can be extracted. Based on the projected heat demand of the residential area and relevant building regulations, a design of the distribution network is developed to align the supply with demand. In addition, the integration of complementary technologies is considered to further improve heat recovery. A financial analysis is also conducted to assess the investment requirements, operational costs, and expected revenues from heat delivery, under a model of industrial-urban cooperation. Recovering residual heat from an industrial activity increases the overall efficiency of the production system, as well as reducing the need for additional energy for heating. All this contributes to the achievement of longterm sustainability. As urban development is increasingly taking place near existing industrial zones, this type of integration creates opportunities for these kinds of projects.</subfield>
   </datafield>
   <datafield ind2=" " ind1=" " tag="520">
      <subfield code="a">Outgoing</subfield>
   </datafield>
   <datafield ind1="8" ind2=" " tag="024">
      <subfield code="a">http://hdl.handle.net/2117/442165</subfield>
   </datafield>
   <datafield tag="653" ind2=" " ind1=" ">
      <subfield code="a">Àrees temàtiques de la UPC::Energies</subfield>
   </datafield>
   <datafield tag="653" ind2=" " ind1=" ">
      <subfield code="a">Heating from central stations</subfield>
   </datafield>
   <datafield tag="653" ind2=" " ind1=" ">
      <subfield code="a">Waste heat</subfield>
   </datafield>
   <datafield tag="653" ind2=" " ind1=" ">
      <subfield code="a">Energy conservation</subfield>
   </datafield>
   <datafield tag="653" ind2=" " ind1=" ">
      <subfield code="a">Calefacció urbana</subfield>
   </datafield>
   <datafield tag="653" ind2=" " ind1=" ">
      <subfield code="a">Calor residual</subfield>
   </datafield>
   <datafield tag="653" ind2=" " ind1=" ">
      <subfield code="a">Energia -- Estalvi</subfield>
   </datafield>
   <datafield ind2="0" ind1="0" tag="245">
      <subfield code="a">Capturing waste heat from Höganäs for Tullkammarkajen's future heat network</subfield>
   </datafield>
</record></metadata></record></GetRecord></OAI-PMH>